Tapestry of values: An introduction to values in science (Record no. 1397963)

MARC details
000 -LEADER
fixed length control field 00564nam a2200193Ia 4500
005 - DATE AND TIME OF LATEST TRANSACTION
control field 20250508165858.0
008 - FIXED-LENGTH DATA ELEMENTS--GENERAL INFORMATION
fixed length control field 008 250505s9999 xx 000 0 eng d
037 ## - SOURCE OF ACQUISITION
Stock number TextBook
040 ## - CATALOGING SOURCE
Original cataloging agency FEDL
Language of cataloging eng
Transcribing agency FEDL
041 ## - LANGUAGE CODE
Language code of text/sound track or separate title eng
Source of code eng
084 ## - COLON CLASSIFICATION NUMBER
Classification number 174.95, ELL/R
Assigning agency FEDL
100 ## - MAIN ENTRY--PERSONAL NAME
Personal name Elliot Kevin C
9 (RLIN) 782278
245 #0 - TITLE STATEMENT
Title Tapestry of values: An introduction to values in science
260 ## - PUBLICATION, DISTRIBUTION, ETC.
Place of publication, distribution, etc. London, UK
Name of publisher, distributor, etc. Oxford University Press
Date of publication, distribution, etc. 2017
300 ## - PHYSICAL DESCRIPTION
Extent xiv, 208p.
365 ## - TRADE PRICE
Price type code GBP
Price amount 26.49
942 ## - ADDED ENTRY ELEMENTS (KOHA)
Koha item type Textbook
Classification part 174.95, ELL/R
Holdings
Withdrawn status Lost status Damaged status Not for loan Home library Current library Date acquired Cost, normal purchase price Total Checkouts Full call number Barcode Date last seen Price effective from Koha item type
        Department of Education Library Department of Education Library 2025-05-08 26.49   174.95, ELL/R EL0091622 2025-05-08 2025-05-08 Textbook
Copyright @ Delhi University Library System